[Event "DEM U10 2025"]
[Site "Willingen GER"]
[Date "2025.06.13"]
[Round "8"]
[White "Winkens, Jonathan"]
[Black "Nabe, Sebastian"]
[Result "0-1"]
[Termination "normal"]
[Board "26"]
[WhiteElo "1406"]
[BlackElo "1467"]
[WhiteClock "00:49:04"]
[BlackClock "00:35:15"]
[PlyCount "119"]
[WhiteFideId "533019703"]
[BlackFideId "533011079"]
[EventCountry "GER"]
[EventRounds "9"]
[EventType "swiss"]
[EventDate "2025.06.07"]

1. e4 {[%clk 01:30:29]} {[%emt 00:00:30]} c6 {[%clk 01:30:36]} {[%emt
00:00:25]} 2. d4 {[%clk 01:30:04]} {[%emt 00:00:53]} d5 {[%clk 01:30:54]}
{[%emt 00:00:13]} 3. Nc3 {[%clk 01:29:31]} {[%emt 00:01:03]} dxe4 {[%clk
01:29:53]} {[%emt 00:01:31]} 4. Nxe4 {[%clk 01:29:26]} {[%emt 00:00:34]} Nd7
{[%clk 01:28:20]} {[%emt 00:02:04]} 5. Nf3 {[%clk 01:27:06]} {[%emt 00:02:49]}
Ngf6 {[%clk 01:27:50]} {[%emt 00:01:02]} 6. Nxf6+ {[%clk 01:26:26]} {[%emt
00:01:09]} Nxf6 {[%clk 01:25:06]} {[%emt 00:03:13]} 7. Bd3 {[%clk 01:25:34]}
{[%emt 00:01:21]} Bg4 {[%clk 01:23:02]} {[%emt 00:02:36]} 8. Bc4 {[%clk
01:22:28]} {[%emt 00:03:35]} e6 {[%clk 01:20:29]} {[%emt 00:03:03]} 9. Be3
{[%clk 01:18:11]} {[%emt 00:04:47]} Bd6 {[%clk 01:18:45]} {[%emt 00:02:14]} 10.
Be2 {[%clk 01:16:09]} {[%emt 00:02:33]} Qc7 {[%clk 01:14:19]} {[%emt 00:04:57]}
11. h3 {[%clk 01:14:33]} {[%emt 00:02:05]} Bh5 {[%clk 01:10:46]} {[%emt
00:04:03]} 12. Nd2 {[%clk 01:11:36]} {[%emt 00:03:28]} Bg6 {[%clk 01:07:14]}
{[%emt 00:04:03]} 13. Nb3 {[%clk 01:08:51]} {[%emt 00:03:15]} b6 {[%clk
01:03:33]} {[%emt 00:04:12]} 14. Bf3 {[%clk 01:04:07]} {[%emt 00:05:13]} Nd5
{[%clk 00:59:49]} {[%emt 00:04:14]} 15. Bxd5 {[%clk 01:00:21]} {[%emt
00:04:16]} cxd5 {[%clk 00:58:10]} {[%emt 00:02:09]} 16. c3 {[%clk 00:59:41]}
{[%emt 00:01:10]} Qe7 {[%clk 00:50:38]} {[%emt 00:08:03]} 17. Nc1 {[%clk
00:58:23]} {[%emt 00:01:47]} Qh4 {[%clk 00:49:45]} {[%emt 00:01:11]} 18. Nd3
{[%clk 00:56:19]} {[%emt 00:02:46]} Qe4 {[%clk 00:47:29]} {[%emt 00:02:47]} 19.
Qa4+ {[%clk 00:53:03]} {[%emt 00:03:46]} Ke7 {[%clk 00:47:05]} {[%emt
00:00:42]} 20. O-O-O {[%clk 00:52:25]} {[%emt 00:01:20]} Qxg2 {[%clk 00:45:09]}
{[%emt 00:02:27]} 21. Nf4 {[%clk 00:49:29]} {[%emt 00:03:25]} Bxf4 {[%clk
00:42:56]} {[%emt 00:02:44]} 22. Bxf4 {[%clk 00:49:47]} {[%emt 00:00:12]} f6
{[%clk 00:41:20]} {[%emt 00:02:06]} 23. Qb4+ {[%clk 00:49:27]} {[%emt
00:00:50]} Kf7 {[%clk 00:39:26]} {[%emt 00:02:21]} 24. Qd6 {[%clk 00:49:37]}
{[%emt 00:00:23]} Rhe8 {[%clk 00:38:07]} {[%emt 00:01:47]} 25. Qd7+ {[%clk
00:48:26]} {[%emt 00:01:44]} Kg8 {[%clk 00:36:05]} {[%emt 00:02:33]} 26. Be3
{[%clk 00:46:18]} {[%emt 00:02:36]} Qe4 {[%clk 00:35:39]} {[%emt 00:00:57]} 27.
Qa4 {[%clk 00:46:14]} {[%emt 00:00:32]} Qb1+ {[%clk 00:35:47]} {[%emt
00:00:25]} 28. Kd2 {[%clk 00:46:16]} {[%emt 00:00:26]} Qxb2+ {[%clk 00:36:16]}
{[%emt 00:00:03]} 29. Ke1 {[%clk 00:45:52]} {[%emt 00:00:54]} Bh5 {[%clk
00:35:26]} {[%emt 00:01:18]} 30. Bd2 {[%clk 00:44:20]} {[%emt 00:02:06]} Bxd1
{[%clk 00:35:28]} {[%emt 00:00:28]} 31. Qxd1 {[%clk 00:44:36]} {[%emt
00:00:13]} Qxa2 {[%clk 00:35:37]} {[%emt 00:00:21]} 32. Rg1 {[%clk 00:44:10]}
{[%emt 00:00:55]} Re7 {[%clk 00:34:58]} {[%emt 00:01:09]} 33. h4 {[%clk
00:43:31]} {[%emt 00:01:10]} e5 {[%clk 00:35:10]} {[%emt 00:00:18]} 34. dxe5
{[%clk 00:43:11]} {[%emt 00:00:48]} Rxe5+ {[%clk 00:33:46]} {[%emt 00:01:55]}
35. Kf1 {[%clk 00:42:51]} {[%emt 00:00:50]} Qc4+ {[%clk 00:33:53]} {[%emt
00:00:24]} 36. Kg2 {[%clk 00:43:10]} {[%emt 00:00:08]} Qxh4 {[%clk 00:33:39]}
{[%emt 00:00:45]} 37. Be3 {[%clk 00:42:33]} {[%emt 00:01:09]} Qe4+ {[%clk
00:30:36]} {[%emt 00:03:32]} 38. Kf1 {[%clk 00:42:43]} {[%emt 00:00:20]} Qf5
{[%emt 00:02:30]} 39. Kg2 {[%clk 00:42:33]} Re4 {[%clk 00:29:18]} {[%emt
00:00:26]} 40. Kf1 {[%clk 00:42:57]} {[%emt 00:00:08]} Rxe3 {[%clk 00:29:38]}
{[%emt 00:00:10]} 41. Qd2 {[%clk 00:42:40]} {[%emt 00:00:47]} Qd3+ {[%clk
00:29:49]} {[%emt 00:00:20]} 42. Qxd3 {[%clk 00:43:00]} {[%emt 00:00:09]} Rxd3
{[%clk 00:30:18]} {[%emt 00:00:01]} 43. Ke2 {[%clk 00:43:15]} {[%emt 00:00:16]}
Rxc3 {[%clk 00:30:39]} {[%emt 00:00:08]} 44. Kd2 {[%clk 00:43:38]} {[%emt
00:00:07]} Rac8 {[%clk 00:30:54]} {[%emt 00:00:15]} 45. Rg2 {[%clk 00:43:51]}
{[%emt 00:00:18]} a5 {[%clk 00:31:08]} {[%emt 00:00:16]} 46. Rg1 {[%clk
00:44:02]} {[%emt 00:00:19]} Rc2+ {[%clk 00:31:16]} {[%emt 00:00:22]} 47. Ke3
{[%clk 00:44:25]} {[%emt 00:00:07]} a4 {[%clk 00:31:29]} {[%emt 00:00:18]} 48.
Ra1 {[%clk 00:44:44]} {[%emt 00:00:10]} b5 {[%clk 00:31:56]} {[%emt 00:00:04]}
49. Kf3 {[%clk 00:45:01]} {[%emt 00:00:13]} R8c3+ {[%clk 00:31:58]} {[%emt
00:00:26]} 50. Kg2 {[%clk 00:45:18]} {[%emt 00:00:13]} a3 {[%clk 00:32:21]}
{[%emt 00:00:08]} 51. Kh2 {[%clk 00:45:28]} {[%emt 00:00:20]} b4 {[%clk
00:32:42]} {[%emt 00:00:09]} 52. Kg2 {[%clk 00:45:52]} {[%emt 00:00:06]} a2
{[%clk 00:33:07]} {[%emt 00:00:05]} 53. Kh2 {[%clk 00:46:19]} {[%emt 00:00:03]}
b3 {[%clk 00:33:31]} {[%emt 00:00:05]} 54. Kg2 {[%clk 00:46:44]} {[%emt
00:00:05]} Rc1 {[%clk 00:33:43]} {[%emt 00:00:18]} 55. Rxc1 {[%clk 00:47:09]}
{[%emt 00:00:05]} Rxc1 {[%clk 00:34:07]} {[%emt 00:00:07]} 56. Kh2 {[%clk
00:47:37]} {[%emt 00:00:01]} a1=Q {[%clk 00:34:16]} {[%emt 00:00:22]} 57. Kg2
{[%clk 00:48:04]} {[%emt 00:00:03]} Qe5 {[%clk 00:34:34]} {[%emt 00:00:10]} 58.
Kf3 {[%clk 00:48:22]} {[%emt 00:00:14]} Qe4+ {[%clk 00:34:52]} {[%emt
00:00:10]} 59. Kg3 {[%clk 00:48:46]} {[%emt 00:00:07]} Rc3+ {[%clk 00:35:15]}
{[%emt 00:00:07]} 60. Kh2 {[%clk 00:49:04]} {[%emt 00:00:12]} 0-1

[Event "DEM U10 2025"]
[Site "Willingen GER"]
[Date "2025.06.13"]
[Round "8"]
[White "Kindermann, Justus"]
[Black "Liu, Peilin"]
[Result "1/2-1/2"]
[Termination "normal"]
[Board "27"]
[WhiteElo "1635"]
[BlackElo "1530"]
[WhiteClock "00:10:03"]
[BlackClock "00:47:32"]
[PlyCount "64"]
[WhiteFideId "34678840"]
[BlackFideId "8643792"]
[EventCountry "GER"]
[EventRounds "9"]
[EventType "swiss"]
[EventDate "2025.06.07"]

1. d4 {[%clk 01:30:59]} {[%emt 00:00:01]} d5 {[%clk 01:29:54]} {[%emt
00:01:07]} 2. Nc3 {[%clk 01:31:13]} {[%emt 00:00:16]} Nf6 {[%clk 01:29:41]}
{[%emt 00:00:42]} 3. Bf4 {[%clk 01:31:37]} {[%emt 00:00:05]} Bf5 {[%clk
01:29:05]} {[%emt 00:01:07]} 4. f3 {[%clk 01:31:53]} {[%emt 00:00:13]} Nc6
{[%clk 01:28:03]} {[%emt 00:01:33]} 5. g4 {[%clk 01:31:53]} {[%emt 00:00:27]}
Bg6 {[%clk 01:28:13]} {[%emt 00:00:22]} 6. h4 {[%clk 01:32:13]} {[%emt
00:00:10]} h5 {[%clk 01:28:12]} {[%emt 00:00:32]} 7. g5 {[%clk 01:32:29]}
{[%emt 00:00:14]} Ng8 {[%clk 01:24:26]} {[%emt 00:04:16]} 8. Nb5 {[%emt
00:03:14]} Rc8 {[%clk 01:24:15]} {[%emt 00:00:38]} 9. Bh3 {[%clk 01:29:42]}
{[%emt 00:00:33]} e6 {[%clk 01:24:04]} {[%emt 00:00:44]} 10. e3 {[%clk
01:28:05]} {[%emt 00:02:03]} a6 {[%clk 01:23:40]} {[%emt 00:00:59]} 11. Nc3
{[%clk 01:24:51]} {[%emt 00:03:40]} Bb4 {[%clk 01:23:00]} {[%emt 00:01:14]} 12.
Nge2 {[%clk 01:24:30]} {[%emt 00:00:37]} Nge7 {[%clk 01:21:43]} {[%emt
00:02:01]} 13. a3 {[%clk 01:14:34]} {[%emt 00:10:26]} Bd6 {[%clk 01:20:46]}
{[%emt 00:01:27]} 14. Qd2 {[%clk 01:10:38]} {[%emt 00:04:22]} Nf5 {[%clk
01:16:26]} {[%emt 00:04:53]} 15. Bxf5 {[%clk 01:04:32]} {[%emt 00:06:36]} Bxf5
{[%clk 01:16:44]} {[%emt 00:00:13]} 16. O-O-O {[%clk 01:03:40]} {[%emt
00:01:21]} O-O {[%clk 01:14:53]} {[%emt 00:02:22]} 17. e4 {[%clk 00:47:44]}
{[%emt 00:16:25]} dxe4 {[%clk 01:03:54]} {[%emt 00:11:30]} 18. fxe4 {[%clk
00:46:16]} {[%emt 00:01:54]} Bxf4 {[%emt 00:03:19]} 19. Nxf4 {[%clk 00:45:32]}
{[%emt 00:00:28]} Bg4 {[%clk 01:02:02]} {[%emt 00:00:23]} 20. Nce2 {[%clk
00:44:43]} {[%emt 00:01:00]} Bf3 {[%clk 01:01:56]} {[%emt 00:00:54]} 21. Rhg1
{[%clk 00:43:40]} {[%emt 00:01:24]} e5 {[%clk 00:56:13]} {[%emt 00:06:22]} 22.
Qe3 {[%clk 00:37:00]} {[%emt 00:07:08]} Bxe2 {[%clk 00:51:17]} {[%emt
00:05:28]} 23. Nxe2 {[%clk 00:36:07]} {[%emt 00:01:22]} exd4 {[%clk 00:51:43]}
{[%emt 00:00:04]} 24. Nxd4 {[%clk 00:36:24]} {[%emt 00:00:13]} Nxd4 {[%clk
00:51:55]} {[%emt 00:00:17]} 25. Rxd4 {[%clk 00:36:24]} {[%emt 00:00:31]} Qe7
{[%clk 00:51:24]} {[%emt 00:00:53]} 26. Qf4 {[%clk 00:35:14]} {[%emt 00:01:47]}
g6 {[%clk 00:50:22]} {[%emt 00:01:33]} 27. Rgd1 {[%clk 00:24:45]} {[%emt
00:11:01]} Rfd8 {[%clk 00:48:14]} {[%emt 00:02:22]} 28. Rxd8+ {[%clk 00:19:43]}
{[%emt 00:05:48]} Rxd8 {[%emt 00:00:20]} 29. Rxd8+ {[%clk 00:19:22]} {[%emt
00:00:49]} Qxd8 {[%clk 00:48:43]} {[%emt 00:00:13]} 30. Qe5 {[%clk 00:19:00]}
{[%emt 00:00:47]} Qd6 {[%clk 00:48:31]} {[%emt 00:00:40]} 31. Qxd6 {[%clk
00:09:38]} {[%emt 00:09:56]} cxd6 {[%clk 00:48:39]} {[%emt 00:00:23]} 32. Kd2
{[%clk 00:10:03]} {[%emt 00:00:05]} Kf8 {[%clk 00:47:32]} {[%emt 00:01:37]}
1/2-1/2

[Event "DEM U10 2025"]
[Site "Willingen GER"]
[Date "2025.06.13"]
[Round "8"]
[White "Üstüntas, Nadir"]
[Black "Hou, Minmu"]
[Result "0-1"]
[Termination "normal"]
[Board "28"]
[WhiteElo "1179"]
[BlackElo "1355"]
[WhiteClock "01:25:22"]
[BlackClock "00:44:44"]
[PlyCount "112"]
[WhiteFideId "533004064"]
[BlackFideId "533041490"]
[EventCountry "GER"]
[EventRounds "9"]
[EventType "swiss"]
[EventDate "2025.06.07"]

1. d4 {[%clk 01:30:59]} {[%emt 13:32:59]} d5 {[%clk 01:30:56]} {[%emt
00:00:05]} 2. c4 {[%clk 01:31:13]} {[%emt 00:00:15]} e6 {[%clk 01:31:22]}
{[%emt 00:00:04]} 3. Nc3 {[%clk 01:31:33]} {[%emt 00:00:09]} Nf6 {[%clk
01:31:48]} {[%emt 00:00:05]} 4. Bg5 {[%clk 01:31:35]} {[%emt 00:00:28]} Nbd7
{[%clk 01:31:49]} {[%emt 00:00:29]} 5. e3 {[%clk 01:31:30]} {[%emt 00:00:35]}
c6 {[%clk 01:32:01]} {[%emt 00:00:19]} 6. Nf3 {[%clk 01:31:49]} {[%emt
00:00:11]} Bb4 {[%clk 01:32:21]} {[%emt 00:00:10]} 7. a3 {[%clk 01:32:11]}
{[%emt 00:00:08]} Bxc3+ {[%clk 01:32:00]} {[%emt 00:00:50]} 8. bxc3 {[%clk
01:32:34]} {[%emt 00:00:08]} Qa5 {[%clk 01:32:04]} {[%emt 00:00:25]} 9. Qc2
{[%clk 01:32:52]} {[%emt 00:00:11]} Ne4 {[%clk 01:31:45]} {[%emt 00:00:49]} 10.
cxd5 {[%clk 01:32:06]} {[%emt 00:01:17]} cxd5 {[%clk 01:31:46]} {[%emt
00:00:29]} 11. Rc1 {[%clk 01:32:04]} {[%emt 00:00:32]} Nb6 {[%clk 01:29:31]}
{[%emt 00:02:46]} 12. Bd3 {[%clk 01:32:01]} {[%emt 00:00:32]} h6 {[%clk
01:28:38]} {[%emt 00:01:23]} 13. Bf4 {[%clk 01:32:15]} {[%emt 00:00:16]} g5
{[%clk 01:27:52]} {[%emt 00:01:16]} 14. Be5 {[%clk 01:31:59]} {[%emt 00:00:46]}
f6 {[%clk 01:26:41]} {[%emt 00:01:41]} 15. Bc7 {[%clk 01:32:02]} {[%emt
00:00:27]} Qxa3 {[%clk 01:24:00]} {[%emt 00:03:10]} 16. O-O {[%clk 01:30:38]}
{[%emt 00:01:55]} Qe7 {[%emt 00:08:29]} 17. Bg3 {[%clk 01:27:42]} {[%emt
00:00:14]} Nxg3 {[%clk 01:16:32]} {[%emt 00:03:11]} 18. fxg3 {[%clk 01:27:09]}
{[%emt 00:01:04]} h5 {[%clk 01:13:49]} {[%emt 00:03:13]} 19. e4 {[%clk
01:23:33]} {[%emt 00:04:07]} dxe4 {[%clk 01:13:14]} {[%emt 00:01:05]} 20. Bxe4
{[%clk 01:23:37]} {[%emt 00:00:25]} g4 {[%clk 01:09:06]} {[%emt 00:04:39]} 21.
Nh4 {[%clk 01:23:36]} {[%emt 00:00:31]} Qg7 {[%clk 01:05:28]} {[%emt 00:04:00]}
22. Rce1 {[%clk 01:23:44]} {[%emt 00:00:29]} O-O {[%clk 00:58:54]} {[%emt
00:07:04]} 23. Qb3 {[%clk 01:22:00]} {[%emt 00:02:15]} Qf7 {[%clk 00:53:01]}
{[%emt 00:06:19]} 24. Bg6 {[%clk 01:22:15]} {[%emt 00:00:19]} Qd7 {[%clk
00:52:02]} {[%emt 00:01:26]} 25. Bxh5 {[%clk 01:21:50]} {[%emt 00:00:58]} Qd5
{[%clk 00:51:47]} {[%emt 00:00:45]} 26. Qxd5 {[%clk 01:18:25]} {[%emt
00:03:54]} Nxd5 {[%clk 00:51:08]} {[%emt 00:01:09]} 27. Bxg4 {[%clk 01:18:05]}
{[%emt 00:00:50]} f5 {[%clk 00:51:21]} {[%emt 00:00:18]} 28. Bf3 {[%clk
01:18:16]} {[%emt 00:00:19]} Nxc3 {[%clk 00:51:33]} {[%emt 00:00:18]} 29. Rc1
{[%clk 01:17:55]} {[%emt 00:00:50]} Nb5 {[%clk 00:51:39]} {[%emt 00:00:26]} 30.
d5 {[%clk 01:18:17]} {[%emt 00:00:08]} Rb8 {[%clk 00:50:54]} {[%emt 00:01:15]}
31. dxe6 {[%clk 01:18:00]} {[%emt 00:00:47]} Bxe6 {[%clk 00:51:15]} {[%emt
00:00:09]} 32. Rfe1 {[%clk 01:18:14]} {[%emt 00:00:16]} Nd4 {[%clk 00:50:28]}
{[%emt 00:01:17]} 33. Rcd1 {[%clk 01:18:17]} {[%emt 00:00:26]} Nxf3+ {[%clk
00:50:48]} {[%emt 00:00:10]} 34. gxf3 {[%clk 01:18:36]} {[%emt 00:00:11]} Rfe8
{[%clk 00:48:47]} {[%emt 00:02:31]} 35. Ra1 {[%clk 01:19:00]} {[%emt 00:00:07]}
a6 {[%clk 00:48:42]} {[%emt 00:00:35]} 36. f4 {[%clk 01:19:16]} {[%emt
00:00:14]} Bd7 {[%clk 00:48:13]} {[%emt 00:00:59]} 37. Rab1 {[%clk 01:19:26]}
{[%emt 00:00:20]} Rxe1+ {[%clk 00:48:06]} {[%emt 00:00:37]} 38. Rxe1 {[%clk
01:19:49]} {[%emt 00:00:07]} b5 {[%clk 00:48:26]} {[%emt 00:00:10]} 39. Kf2
{[%clk 01:20:14]} {[%emt 00:00:05]} Kf7 {[%clk 00:46:46]} {[%emt 00:02:11]} 40.
Ke3 {[%clk 01:20:33]} {[%emt 00:00:11]} Re8+ {[%clk 00:45:05]} {[%emt
00:02:11]} 41. Kd2 {[%clk 01:20:54]} {[%emt 00:00:09]} Rxe1 {[%clk 00:45:04]}
{[%emt 00:00:31]} 42. Kxe1 {[%clk 01:21:18]} {[%emt 00:00:06]} Ke6 {[%clk
00:45:30]} {[%emt 00:00:04]} 43. Kd2 {[%clk 01:21:43]} {[%emt 00:00:05]} Kd5
{[%clk 00:45:46]} {[%emt 00:00:14]} 44. Nf3 {[%clk 01:22:03]} {[%emt 00:00:10]}
a5 {[%clk 00:45:18]} {[%emt 00:00:59]} 45. h4 {[%clk 01:22:10]} {[%emt
00:00:22]} Be8 {[%clk 00:45:31]} {[%emt 00:00:15]} 46. Kc3 {[%clk 01:22:33]}
{[%emt 00:00:09]} b4+ {[%clk 00:45:39]} {[%emt 00:00:22]} 47. Kb3 {[%clk
01:22:57]} {[%emt 00:00:06]} Kc5 {[%clk 00:45:31]} {[%emt 00:00:38]} 48. Ne5
{[%clk 01:23:00]} {[%emt 00:00:27]} a4+ {[%clk 00:45:37]} {[%emt 00:00:24]} 49.
Ka2 {[%clk 01:23:13]} {[%emt 00:00:17]} Bh5 {[%clk 00:44:17]} {[%emt 00:01:48]}
50. Nd7+ {[%clk 01:23:31]} {[%emt 00:00:13]} Kd4 {[%clk 00:44:07]} {[%emt
00:00:40]} 51. Nf6 {[%clk 01:23:47]} {[%emt 00:00:12]} Bf7+ {[%clk 00:44:06]}
{[%emt 00:00:32]} 52. Kb2 {[%clk 01:24:08]} {[%emt 00:00:10]} a3+ {[%clk
00:44:06]} {[%emt 00:00:30]} 53. Ka1 {[%clk 01:24:27]} {[%emt 00:00:11]} b3
{[%clk 00:43:46]} {[%emt 00:00:51]} 54. h5 {[%clk 01:24:37]} {[%emt 00:00:19]}
Kc3 {[%clk 00:43:55]} {[%emt 00:00:21]} 55. h6 {[%clk 01:24:54]} {[%emt
00:00:14]} b2+ {[%clk 00:44:19]} {[%emt 00:00:06]} 56. Kb1 {[%clk 01:25:22]}
{[%emt 00:00:01]} a2# {[%clk 00:44:44]} {[%emt 00:00:05]} 0-1

[Event "DEM U10 2025"]
[Site "Willingen GER"]
[Date "2025.06.13"]
[Round "8"]
[White "Hübner, Jakob"]
[Black "Schubert, Anton"]
[Result "1-0"]
[Termination "normal"]
[Board "29"]
[WhiteElo "1314"]
[BlackElo "1039"]
[WhiteClock "00:53:26"]
[BlackClock "00:04:56"]
[PlyCount "93"]
[WhiteFideId "34684107"]
[BlackFideId "533043523"]
[EventCountry "GER"]
[EventRounds "9"]
[EventType "swiss"]
[EventDate "2025.06.07"]

1. d4 {[%clk 01:30:58]} {[%emt 00:00:01]} d5 {[%clk 01:30:52]} {[%emt
00:00:08]} 2. Nf3 {[%clk 01:31:25]} {[%emt 00:00:03]} Nf6 {[%clk 01:31:08]}
{[%emt 00:00:14]} 3. c3 {[%clk 01:31:47]} {[%emt 00:00:08]} Bf5 {[%clk
01:29:14]} {[%emt 00:02:24]} 4. Qb3 {[%clk 01:31:45]} {[%emt 00:00:29]} Qc8
{[%clk 01:29:02]} {[%emt 00:00:46]} 5. c4 {[%clk 01:31:57]} {[%emt 00:00:18]}
e6 {[%clk 01:28:41]} {[%emt 00:00:49]} 6. Nc3 {[%clk 01:31:06]} {[%emt
00:01:21]} c6 {[%clk 01:28:38]} {[%emt 00:00:34]} 7. Bf4 {[%clk 01:31:24]}
{[%emt 00:00:11]} Be7 {[%clk 01:28:15]} {[%emt 00:00:54]} 8. h3 {[%clk
01:30:36]} {[%emt 00:01:18]} h6 {[%clk 01:27:56]} {[%emt 00:00:49]} 9. e3
{[%clk 01:30:52]} {[%emt 00:00:14]} O-O {[%clk 01:27:55]} {[%emt 00:00:30]} 10.
Be2 {[%clk 01:30:49]} {[%emt 00:00:34]} Nbd7 {[%clk 01:27:53]} {[%emt
00:00:33]} 11. O-O {[%clk 01:30:50]} {[%emt 00:00:28]} Re8 {[%clk 01:26:32]}
{[%emt 00:01:51]} 12. Rac1 {[%clk 01:27:19]} {[%emt 00:04:01]} Bf8 {[%clk
01:20:25]} {[%emt 00:06:36]} 13. Rfe1 {[%clk 01:25:34]} {[%emt 00:02:16]} b6
{[%clk 01:13:44]} {[%emt 00:07:11]} 14. Ne5 {[%clk 01:21:07]} {[%emt 00:04:58]}
c5 {[%clk 01:09:22]} {[%emt 00:04:52]} 15. cxd5 {[%clk 01:18:47]} {[%emt
00:02:50]} exd5 {[%clk 01:04:46]} {[%emt 00:05:06]} 16. Nxd5 {[%clk 01:18:14]}
{[%emt 00:01:03]} Nxd5 {[%clk 01:03:51]} {[%emt 00:01:24]} 17. Qxd5 {[%clk
01:18:29]} {[%emt 00:00:14]} Be6 {[%clk 01:03:35]} {[%emt 00:00:47]} 18. Qf3
{[%clk 01:18:22]} {[%emt 00:00:35]} Bxa2 {[%clk 01:02:42]} {[%emt 00:01:25]}
19. Bb5 {[%clk 01:16:35]} {[%emt 00:02:18]} Nxe5 {[%clk 00:59:26]} {[%emt
00:03:44]} 20. Bxe5 {[%clk 01:16:54]} {[%emt 00:00:10]} Re6 {[%clk 00:58:36]}
{[%emt 00:01:20]} 21. Bh2 {[%clk 01:12:12]} {[%emt 00:05:09]} Rf6 {[%clk
00:51:52]} {[%emt 00:07:18]} 22. Qe2 {[%clk 01:08:49]} {[%emt 00:03:43]} Qb7
{[%clk 00:46:28]} {[%emt 00:06:03]} 23. Bc4 {[%clk 01:06:02]} {[%emt 00:03:17]}
Rg6 {[%clk 00:42:26]} {[%emt 00:04:33]} 24. f3 {[%clk 01:05:49]} {[%emt
00:00:42]} Bxc4 {[%clk 00:42:06]} {[%emt 00:00:51]} 25. Qxc4 {[%clk 01:06:06]}
{[%emt 00:00:13]} Qd7 {[%clk 00:39:44]} {[%emt 00:02:52]} 26. Rcd1 {[%clk
01:04:51]} {[%emt 00:01:45]} Qxh3 {[%clk 00:36:58]} {[%emt 00:03:17]} 27. Qc2
{[%clk 01:03:51]} {[%emt 00:01:30]} Qh4 {[%clk 00:30:16]} {[%emt 00:07:10]} 28.
Qf5 {[%clk 01:01:02]} {[%emt 00:03:03]} Re8 {[%clk 00:27:59]} {[%emt 00:03:05]}
29. d5 {[%clk 01:00:59]} {[%emt 00:00:34]} Rd8 {[%clk 00:20:56]} {[%emt
00:07:32]} 30. Bc7 {[%clk 00:59:14]} {[%emt 00:02:17]} Ra8 {[%clk 00:14:10]}
{[%emt 00:07:16]} 31. Rf1 {[%clk 00:57:08]} {[%emt 00:02:36]} Rg5 {[%clk
00:11:56]} {[%emt 00:02:43]} 32. Qf4 {[%clk 00:56:06]} {[%emt 00:01:29]} Qxf4
{[%clk 00:11:36]} {[%emt 00:00:54]} 33. exf4 {[%clk 00:56:30]} {[%emt
00:00:06]} Rf5 {[%clk 00:07:40]} {[%emt 00:04:26]} 34. d6 {[%clk 00:56:24]}
{[%emt 00:00:36]} c4 {[%clk 00:06:35]} {[%emt 00:01:36]} 35. d7 {[%clk
00:56:21]} {[%emt 00:00:34]} Bc5+ {[%clk 00:06:45]} {[%emt 00:00:19]} 36. Kh2
{[%clk 00:55:42]} {[%emt 00:01:06]} Rh5+ {[%clk 00:06:58]} {[%emt 00:00:20]}
37. Kg3 {[%clk 00:55:57]} {[%emt 00:00:15]} Be7 {[%clk 00:06:21]} {[%emt
00:01:08]} 38. Rfe1 {[%clk 00:53:50]} {[%emt 00:02:35]} Bh4+ {[%clk 00:05:47]}
{[%emt 00:01:04]} 39. Kg4 {[%clk 00:53:12]} {[%emt 00:01:08]} g6 {[%clk
00:04:24]} {[%emt 00:01:54]} 40. Re8+ {[%clk 00:51:43]} {[%emt 00:01:58]} Rxe8
{[%clk 00:04:32]} {[%emt 00:00:22]} 41. dxe8=Q+ {[%clk 00:52:01]} {[%emt
00:00:13]} Kh7 {[%clk 00:04:37]} {[%emt 00:00:25]} 42. Qxf7+ {[%clk 00:52:20]}
{[%emt 00:00:10]} Kh8 {[%clk 00:04:24]} {[%emt 00:00:43]} 43. Be5+ {[%clk
00:52:37]} {[%emt 00:00:13]} Rxe5 {[%clk 00:04:38]} {[%emt 00:00:16]} 44. fxe5
{[%clk 00:52:59]} {[%emt 00:00:08]} c3 {[%clk 00:04:22]} {[%emt 00:00:47]} 45.
Qf8+ {[%clk 00:53:14]} {[%emt 00:00:12]} Kh7 {[%clk 00:04:41]} {[%emt
00:00:14]} 46. Rd7+ {[%clk 00:53:38]} {[%emt 00:00:06]} Be7 {[%clk 00:04:56]}
{[%emt 00:00:15]} 47. Rxe7# {[%clk 00:53:26]} {[%emt 00:00:06]} 1-0